00528nam a2200181Ia 450000500170000000800410001702000150005808200130007310000210008624500300010726000480013730000180018565000130020365000120021694200060022895200970023499900150033120250131023749.0240331s9999 xx 000 0 und d a8120609468 bCODa954 aCodrington, H.W. 2aA short history of Ceylon aNew DelhibAsian Educational Servicesc1929 axxi, 202 p ., aBuddhism aSociety cL 001040708LaWERCLbWERCLcSSCd2024-03-31l0o 954.9 CODp5109r2024-03-31w2024-03-31yL c3510d3510